| 000 | 00548nam a2200193 4500 | ||
|---|---|---|---|
| 003 | OSt | ||
| 005 | 20260601171021.0 | ||
| 008 | 260520b\\\\\\\\||||||||\||||\00|\0\eng\d | ||
| 040 |
_aICI _bspa _cICI _erda |
||
| 050 |
_aLB1028.3 _b.Y36 |
||
| 100 |
_aYanes, Samuel _eautor _934655 |
||
| 245 | _aBig Rock Candy Mountain: Resources for Our Education | ||
| 264 |
_aEstados Unidos _bPortola Institute _c1970 |
||
| 300 | _a96 páginas | ||
| 336 |
_2rdacontent _atexto |
||
| 337 |
_2rdamedia _asin medio |
||
| 338 |
_2rdacarrier _avolumen |
||
| 942 |
_2lcc _n1 _cB |
||
| 999 |
_c20885 _d20885 |
||